000 00752cam a2200253 a 4500
001 000007741
005 20200929154301.0
008 890124s1996 sp b 000 e spa d
020 _a8430600639
040 _aDO-SdBNP
_cDLC
_dDLC
082 _a864.64
_bS266i, 1996
100 1 _aSavater, Fernando,
_d1947-
_920728
245 1 0 _aInstrucciones para olvidar. El Quijote :
_by otros ensayos generales /
_cFernando Savater.
250 _a2a ed.
260 _aMadrid :
_bTaurus,
_c1996.
300 _a277 p. ;
_c18 cm.
490 1 _aTaurus bolsillo
_v8
650 4 _aEnsayos españoles
_93095
650 4 _aLiteratura española
_9632
830 0 _aTaurus bolsillo;
_v8
_920740
910 _aCatalogación por copia / LC
910 _aWM
049 _aBNGR
999 _c7519
_d7519